U.S. pricing policy and Commonwealth raw materials (Record no. 71705)

MARC details
000 -LEADER
fixed length control field 00378nam a2200145Ia 4500
100 ## - MAIN ENTRY--AUTHOR NAME
Personal name Leather T
245 #0 - TITLE STATEMENT
Title U.S. pricing policy and Commonwealth raw materials
260 ## - PUBLICATION, DISTRIBUTION, ETC. (IMPRINT)
Name of publisher Rubber Developments
Year of publication 1953
300 ## - PHYSICAL DESCRIPTION
Number of Pages 60-61
650 ## - SUBJECT ADDED ENTRY--TOPICAL TERM
Topical Term Pricing policy
650 ## - SUBJECT ADDED ENTRY--TOPICAL TERM
Topical Term Raw materials
650 ## - SUBJECT ADDED ENTRY--TOPICAL TERM
Topical Term Synthetic rubber
942 ## - ADDED ENTRY ELEMENTS (KOHA)
Koha item type Journals
Holdings
Withdrawn status Lost status Damaged status Not for loan Home library Current library Shelving location Date acquired Serial Enumeration / chronology Koha item type
      Journals RRII Library RRII Library Agricultural economics 17/12/2021 Volume 6, Issue 2 Journals